|
|
|
|
| LEADER |
01100nam a2200289 a 4500 |
| 001 |
2976 |
| 003 |
BD-DhAAL |
| 005 |
20150526100610.0 |
| 008 |
150526s1997 nyu b 001 0 eng |
| 010 |
|
|
|a 96015553
|
| 020 |
|
|
|a 0471006696 (alk. paper)
|
| 020 |
|
|
|a 047100670X (pbk. : alk. paper)
|
| 040 |
|
|
|a DLC
|c DLC
|d DLC
|d BD-DhAAL
|
| 050 |
0 |
0 |
|a BF275
|b .E44 1997
|
| 082 |
0 |
0 |
|a 152.1/82
|2 20
|
| 100 |
1 |
|
|a Elgin, Suzette Haden.
|9 11432
|
| 245 |
1 |
0 |
|a Try to feel it my way :
|b new help for touch dominant people and those who care about them /
|c Suzette Haden Elgin.
|
| 260 |
|
|
|a New York :
|b Wiley,
|c c1997.
|
| 300 |
|
|
|a xiii, 178 p. ;
|c 24 cm.
|
| 504 |
|
|
|a Includes bibliographical references (p. 169-173) and index.
|
| 541 |
|
|
|e 2976
|
| 650 |
|
0 |
|a Touch
|x Psychological aspects.
|9 11433
|
| 650 |
|
0 |
|a Touch
|x Social aspects.
|9 11434
|
| 650 |
|
0 |
|a Body language.
|9 11435
|
| 942 |
|
|
|2 ddc
|c BK
|
| 999 |
|
|
|c 34522
|d 34522
|
| 952 |
|
|
|0 0
|1 0
|2 ddc
|4 0
|6 152_182000000000000_ELG
|7 0
|9 53890
|a SCL
|b SCL
|c GEN
|d 2015-05-26
|e Gift: The Asia Foundation
|l 2
|m 9
|o 152.182 ELG
|p 3020002976
|r 2018-04-07
|s 2018-01-14
|t 1
|w 2015-05-26
|y BK
|